000 01022nam a22003617a 4500
001 BR7907589
003 BR-BrBNA
005 20230928090300.0
007 ta
008 230509b bl.||||| |||| 00| 0 por d
040 _aBR-BrBNA
_bpor
_cBiblioteca Nacional de Agricultura
041 _a(Por)
072 _aP05
_b/G514
090 _ P05 BR7907589
110 1 _aComissao Estadual de Energia, Florianopolis, SC (Brasil)
_92017
245 1 _aPROENERGIA - Programa Catarinense de Energia Fundamentos-metas [recurso energetico, consumo, importacao, Brasil]
260 3 _aFlorianopolis, SC (Brasil):
_c1979.
300 _a129 p.
500 _a57 tables; 10 graphs; 10 illus.
650 _aENERGIA
650 _aRECURSO ENERGETICO
650 _aBIOMASSA
650 _aBIOGAS
650 _aALCOOL
650 _aCARVAO VEGETAL
650 _aPETROLEO
650 _aCONSUMO
650 _aCUSTO
650 _aIMPORTACAO
650 _aSANTA CATARINA
909 _a202309
_bLucia
_c55
_dLucia Elande
942 _cBK
999 _c28299
_d28299